000 01171nji a22002897a 4500
005 20100920152110.0
006 a|||||r|||||00| 0
007 sd ammalaaahaa
008 100830t xxu||||| |||| 00| 0 eng d
028 _a3AEX.5295
_bODEON
035 _aGR-03808
040 _aSED
_cSED
100 _917455
_aMohammad Rafi
245 _aKhilona /
_cby Prasad Production; sung by Mohammad Rafi; music by Laxmikant Pyarelal; lyric by Anand Bakshi
_h[sound recording] :
246 _aखिलौना / प्रसाद प्रोडक्शन द्वारा
260 _aDum Dum, India
_bODEON
_c1970
300 _a1 sound disc [Gramophone Recording]:
_banalog, 33 1/3 rpm
_c12.5 in. (LP)
_fGramophone Record
500 _aBrief Record
500 _aRecord labels : ODEON, Black
505 _aSide-1 (Khilona jan kar) (Mohammad Rafi) Side-2 (Kush rahe too sada) (Mohammad Rafi)
600 _aMohammad Rafi
_920359
650 _aFilm Songs
_zIndia
_91186
_xExcerpts
700 _aLaxmikant Pyarelal
_920644
700 _aBakshi, Anand
_920752
942 _2ddc
_cGR
999 _c47066
_d47066